Prarambhik parisankhya bigyan aru saikshik parimapan (Record no. 1654)

MARC details
000 -LEADER
fixed length control field 00562cam a2200193ua 4500
001 - CONTROL NUMBER
control field 1771
005 - DATE AND TIME OF LATEST TRANSACTION
control field 20260515113404.0
008 - FIXED-LENGTH DATA ELEMENTS--GENERAL INFORMATION
fixed length control field 111126n ii |||gr||||Z||||||eng
040 ## - CATALOGING SOURCE
Transcribing agency MAIN
082 ## - DEWEY DECIMAL CLASSIFICATION NUMBER
Classification number 370.15
100 ## - MAIN ENTRY--PERSONAL NAME
Personal name Sarma, Mukul Kr.,
245 1# - TITLE STATEMENT
Title Prarambhik parisankhya bigyan aru saikshik parimapan
Statement of responsibility, etc. by Mukul Kr. Sarma
250 ## - EDITION STATEMENT
Edition statement 2nd.
260 ## - PUBLICATION, DISTRIBUTION, ETC.
Place of publication, distribution, etc. Guahati:
Name of publisher, distributor, etc. Secretary university publication department,993.
300 ## - PHYSICAL DESCRIPTION
Extent 360p:
Other physical details ill;
Dimensions 23cm.
653 ## - INDEX TERM--UNCONTROLLED
Uncontrolled term Education
653 ## - INDEX TERM--UNCONTROLLED
Uncontrolled term Prarambhik parisankhya bigyan aru saikshik parimapan
942 ## - ADDED ENTRY ELEMENTS (KOHA)
Koha item type Books
Holdings
Withdrawn status Lost status Damaged status Not for loan Home library Current library Shelving location Date acquired Total checkouts Full call number Barcode Date last seen Copy number Price effective from Koha item type
        Naharkatiya College Library Naharkatiya College Library General stacks 09/19/2020   370.15 | SAR 11632 09/19/2020 1 09/19/2020 Books